| 000 | 004750000a22001690004500 | ||
|---|---|---|---|
| 003 | MACL | ||
| 005 | 20160109141209.0 | ||
| 008 | 160109b xxu||||| |||| 00| 0 eng d | ||
| 040 |
_aMACL _cMACL |
||
| 041 | _aEnglish | ||
| 082 | _a914.6/GWY | ||
| 100 |
_aGwynne, Paul _930487 |
||
| 245 |
_aThe Guadalquivir _bIts Personality Its People and its Associations |
||
| 260 |
_bConstable & Co Ltd _c1912 _aLondon |
||
| 650 |
_aTravel & Geography _913442 |
||
| 942 |
_cBK _k914.6/GWY _2ddc |
||
| 999 |
_c37854 _d37854 |
||